000 01100nam a2200277 i 4500
001 9007
003 ES-MaACL
005 20250728103605.0
007 t|
008 930128s1992 sp ||||1| spa d
020 _a84-7658-339-7
080 _a291.1
245 0 3 _aLa Tradición analítica
_b: materiales para una filosofía de la religión.
_n, . II /
_cJosé Gómez Caffarena y José Mª Mardones, coords.
250 _a[1ª ed.].
260 _aBarcelona :
_bAnthropos ;
_aMadrid :
_bConsejo Superior de Investigaciones Científicas,
_c1992.
300 _a251 p. ;
_c20 cm.
490 1 _aPensamiento crítico/pensamiento utópico. Filosofía de la religión
500 _aBibliogr.: p. 235-248.
650 4 _aReligión-
_xFilosofía
_916799
700 1 _aGómez Caffarena, José.
_957850
700 1 _aMardones, José María.
_976567
710 2 _aConsejo Superior de Investigaciones Científicas (España)
_93236
830 0 _aPensamiento crítico/pensamiento utópico. Filosofía de la religión
_9178344
852 _aES-MaACL
_jL-16536
_bR.120361
999 _c9007
_d9007